| 000 | 00633cab a2200217 4500 | ||
|---|---|---|---|
| 001 | WB2835-37 | ||
| 008 | 090401t1992 xxu||||| |||| 00| 0 eng d | ||
| 035 | _a(Sirsi) u7011 | ||
| 041 | _aeng | ||
| 245 | _aLloyd`s losses | ||
| 260 | _c1992 | ||
| 350 | _a0 | ||
| 490 |
_aFinancial Times _v5 September 1992, XII(2) |
||
| 520 | _aExamines the effect that the huge losses incurred by Names at Lloyd`s, the London insurance market is likely to have on the market for country houses. | ||
| 650 | _aCOUNTRY HOUSES | ||
| 650 | _aHOUSING MARKET | ||
| 650 | _aLLOYDS NAMES | ||
| 690 | _aHOUSING | ||
| 942 | _n0 | ||
| 948 | _c04/03/1997 | ||
| 999 |
_c4176 _d4176 |
||